=LDR 00000nam 2200000 4500 =001 INLIS000000000028644 =005 20130612130931 =008 ***********************************Ind** =035 ##$$0010-061300000028644 =041 ##$$a Ind =082 ##$$a 574 =090 ##$$a 574, Mun i =100 ##$$a Munandar, A =245 ##$$a Iktisar anatomi alat gerak dan ilmu, DR. A. Munandar =260 ##$$a [S.a] $b jakarta =300 ##$$a 164 lm, ilus, 21 cm =650 ##$$a Anatomi =850 ##$$a NBPNMAT